| 000 | 00716nam a22001817a 4500 | ||
|---|---|---|---|
| 003 | OSt | ||
| 005 | 20240625145312.0 | ||
| 008 | 240625b ||||| |||| 00| 0 eng d | ||
| 040 | _cAIMIT LIBRARY | ||
| 100 |
_aChandan, Rushali K. _e2116145 _9171640 |
||
| 245 |
_aPerformance evaluation of select equity mutual funds with reference to anandrathi shares and stock brokers ltd Udupi / _cBy Rushali K Chandan ; Guided by Beena Dias. |
||
| 260 |
_aUdupi ; _c2023. |
||
| 650 |
_aResearch methodology _9171641 |
||
| 650 |
_aData analysis and interpretation _9171642 |
||
| 700 |
_aDias, Beena. _eGuide _9171643 |
||
| 856 |
_3Anandrathi Share and stock brokers ltd _uwww.anandrathi.com _ywww.anandrathi.com |
||
| 942 |
_2ddc _cPRO |
||
| 999 |
_c231316 _d231316 |
||